000 01995cam a22004694i 4500
003 PE-LiUPU
005 20250731172948.0
008 150623s r 000 0 d
020 _a1565631803
035 _a(Sirsi) i9781565631809
040 _aPE-LiUPU
_bspa
_cPE-LiUPU
_erda
049 _aPRUA
082 0 4 _a236.9
_bP726p
_223
100 1 0 _aPlevnik, Joseph,
_eautor.
245 1 0 _aPaul and the Parousía :
_ban exegetical and theological investigation /
_cJoseph Plevnik.
264 1 _aMassachusetts :
_bHendrickson Publishers,
_c1997.
300 _a351 páginas ;
_c23.5 centímetros.
336 _atext
_2rdacontent
337 _aunmediated
_2rdamedia
338 _avolume
_2rdacarrier
504 _aIncluye bibliografía.
505 0 _aConcepts and the terms of the lord's coming. -The imagery. -The parousía depiction in 1 Thessalonians 4: 13-18. -The times and seasons. 1 Thessalonians 5:1-11. -The resurrection at Christ's coming 1 Corinthians 15: 23-28. -The transformation at Christ's coming. 1 Corinthians 15:50-55. -The final destination, Philippians 3:20-21. -Hope. -The parousía of Christ and Judment. -Conflict at the Parousía. -Living with Christ forever. -The Parousía of Christ and the Church. -Paul's apocalyptic theology.
526 _aSEG42
526 _aSEG41
526 _aSEG40
526 _aSEG39
526 _aP94
526 _aP87
526 _aP86
526 _aP85
526 _aP77
526 _aP76
526 _aP35
630 _aBiblia.
_pEpístolas de Pablo
_xTeología
650 0 0 _aSegundo advenimiento
_xEnseñanza bíblica.
_93008
942 _2ddc
_cBK
_n0
949 _a236.9 P726p
_wDEWEY
_c1
_i44819
_lCCODEBUL1
_mBUL
_r0
_sY
_tBOOK
_u2015-6-24
_xTEOLOGIA
_0COMPRA
_o.STAFF. Colección General
949 _a236.9 P66
_wDEWEY
_c2
_i46899
_lCCODEBUL1
_mBUL
_r0
_sY
_tBOOK
_u2015-6-24
_xTEOLOGIA
_0COMPRA
_o.STAFF. Colección General
980 _81
_gALBERTO SANCHEZ Responsable de Automatización
999 _c21690
_d21690